Egyptological studies for Claudio Barocas /
Corporate Author:
Other Authors: ,
Format: Book
Language: English
Published:
Napoli :
Istituto universitario orientale,
1999.
Series:
Serie Egittologica ;
1.
Subjects:
Tags: Add Tag
Call Number: DT57 .S19 v.1
| LEADER | 00942namaa2200289 4500 | ||
|---|---|---|---|
| 001 | 13316 | ||
| 003 | OSt | ||
| 005 | 20260421140251.0 | ||
| 008 | 130303s1999 it a b 010 0 eng d | ||
| 010 | |a 00408307 | ||
| 040 | |c ARCE Library | ||
| 043 | |a f-ua--- | ||
| 050 | 4 | |a DT57 .S19 v.1 | |
| 245 | 0 | 0 | |a Egyptological studies for Claudio Barocas / |c edited by Rosanna Pirelli. |
| 264 | 1 | |a Napoli : |b Istituto universitario orientale, |c 1999. | |
| 300 | |a 149 pages : |b illustrations ; |c 24 cm. | ||
| 490 | 0 | |a Serie Egittologica ; |v 1. | |
| 500 | |a Festschrift. | ||
| 504 | |a Includes bibliographic references. | ||
| 546 | |a Texts in English or Italian. | ||
| 651 | 0 | |a Egypt |x Antiquities. | |
| 700 | 1 | |a Pirelli, Rosanna. |9 37682 | |
| 700 | 1 | |a Barocas, Claudio. | |
| 710 | 2 | |a Istituto universitario orientale (Naples, Italy). |b Dipartimento di studi e ricerche su Africa e paesi arabi. | |
| 901 | |a reviewed | ||
| 942 | |c BK |2 lcc | ||
| 999 | |c 13219 |d 13219 | ||
